[Event "Husek Vienna Open A"]
[Site "Vienna AUT"]
[Date "2012.08.15"]
[Round "3"]
[White "Banusz,T"]
[Black "Kreisl,R"]
[Result "1/2-1/2"]
[WhiteElo "2556"]
[BlackElo "2404"]

1.c4 c6 2.d4 d5 3.Nc3 Nf6 4.e3 e6 5.Nf3 Nbd7 6.Bd3 dxc4 7.Bxc4 b5 8.Bd3 Bb7
9.e4 b4 10.Na4 c5 11.e5 Nd5 12.Nxc5 Nxc5 13.dxc5 Bxc5 14.O-O h6 15.Nd2 O-O
16.Ne4 Bd4 17.Nd6 Bxe5 18.Nxb7 Qb6 19.Qh5 Bd4 20.Qh4 Bf6 21.Qe4 Rfc8 22.Qh7+ Kf8
23.Be4 Qxb7 24.Rd1 Rc4 25.Bf4 Rd8 26.Bxd5 exd5 27.Re1 Re4 28.Rad1 Ke7 29.Qf5 Re6
30.Bxh6 Qb6 31.Be3 d4 32.Bd2 a5 33.Rxe6+ fxe6 34.Qg6 Rd5 35.h4 Kf8 36.h5 Qb5
37.h6 Qe2 38.hxg7+ Kg8 39.Rf1 Rf5 40.Bh6 Qh5 41.Qxh5  1/2-1/2

[Event "2nd Metropolitan International"]
[Site "Los Angeles USA"]
[Date "2012.08.16"]
[Round "4"]
[White "Gareev,T"]
[Black "Pruess,D"]
[Result "1-0"]
[WhiteElo "2658"]
[BlackElo "2375"]

1.d4 Nf6 2.c4 e6 3.Nf3 d5 4.Nc3 c6 5.e3 Nbd7 6.Qc2 b6 7.Bd3 Bb7 8.O-O Be7
9.b3 Qc7 10.Bb2 Rc8 11.Rad1 c5 12.cxd5 cxd4 13.Nxd4 Nxd5 14.Nxd5 Qxc2 15.Nxc2 Bxd5
16.e4 Nc5 17.Bb5+ Bc6 18.Bxc6+ Rxc6 19.Nd4 Rc8 20.f3 O-O 21.Kf2 Rfd8 22.Ke2 Kf8
23.Bc1 Na6 24.Rd2 Bg5 25.f4 Bf6 26.Ba3+ Be7 27.Rfd1 Nc5 28.Bxc5 bxc5 29.Nf3 Rxd2+
30.Nxd2 h5 31.Rc1 Rd8 32.Rc4 Ke8 33.Nf3 Bd6 34.g3 Kd7 35.Ra4 Bb8 36.Ra6 Kc7
37.Ng5 Rd7 38.Ra4 Kb6 39.Nf3 Bc7 40.Ne1 h4 41.Nd3 hxg3 42.hxg3 g5 43.Ke3 gxf4+
44.gxf4 f5 45.Ra6+ Kxa6 46.Nxc5+ Kb5 47.Nxd7 Kc6 48.Ne5+ Kc5 49.Nd3+ Kb5
50.a4+ Kc6 51.Nb4+ Kd7 52.e5 Ba5 53.Nc2 Kc6 54.Kd3 Kc5 55.Nd4 Kd5 56.b4 Bxb4
57.Nb5 Ba5 58.Nxa7 Kc5 59.Nb5 Be1 60.Nc7 Kb4 61.Nxe6 Bg3 62.Nc7 Kxa4 63.e6 Bh4
64.Nd5 Kb5 65.e7 Bxe7 66.Nxe7  1-0

[Event "46th Mislata Magistral"]
[Site "Mislata ESP"]
[Date "2012.08.16"]
[Round "5.4"]
[White "Iagar,R"]
[Black "Garcia,Jh"]
[Result "0-1"]
[WhiteElo "2152"]
[BlackElo "2365"]

1.d4 d5 2.c4 c6 3.Nf3 Nf6 4.e3 e6 5.Nc3 Nbd7 6.Bd3 dxc4 7.Bxc4 Bd6 8.O-O O-O
9.e4 e5 10.Be3 Qe7 11.Qc2 exd4 12.Bxd4 b5 13.Bd3 b4 14.Nb1 c5 15.Bxf6 Qxf6
16.Nbd2 Ne5 17.Nxe5 Bxe5 18.Nc4 Bd4 19.e5 Qh4 20.Rae1 Be6 21.Kh1 Bd5 22.f4 Rad8
23.Be4 Bxc4 24.Qxc4 Bf2 25.Re2 Bg3 26.h3 Rd4 27.Qxc5 Rfd8 28.Qc1 g5 29.Bxh7+ Qxh7
30.fxg5 Qh5 31.Qc2 Qg6 32.e6 Qxc2 33.exf7+ Kf8 34.Rxc2 Rd1 35.Rc1 Rxc1 36.Rxc1 Kxf7
37.Kg1 Rd2 38.Rf1+ Kg6 39.Rf3 Be5 40.a3 Rxb2 41.axb4 Bd4+ 42.Kf1 Rxb4 43.h4 a5
44.Ra3 a4 45.g3 Bb2 46.Rd3 Rb6 47.Rd5 Ra6 48.g4 a3 49.h5+ Kf7 50.g6+ Ke6  0-1

[Event "25th Panevezys Open"]
[Site "Panevezys LTU"]
[Date "2012.08.16"]
[Round "6.15"]
[White "Jurkunas,M"]
[Black "Cekanauskas,Justas"]
[Result "1-0"]
[WhiteElo "1817"]
[BlackElo "1732"]

1.d4 d5 2.c4 c6 3.Nf3 Nf6 4.Nc3 e6 5.e3 Be7 6.b3 O-O 7.Bd3 Nbd7 8.O-O h6
9.Bb2 b6 10.e4 dxe4 11.Nxe4 Nxe4 12.Bxe4 Bb7 13.Qe2 Nf6 14.Bc2 c5 15.Rad1 cxd4
16.Nxd4 Qc7 17.Rd3 a6 18.Rg3 Bd6 19.Nb5 axb5 20.Rxg7+ Kh8 21.Rh7+ Kg8 22.Qg4+ Nxg4
23.Rh8+  1-0

[Event "14th Sants Open A"]
[Site "Barcelona ESP"]
[Date "2012.08.17"]
[Round "1.11"]
[White "Carol Querol,S"]
[Black "Cuartas,Ja"]
[Result "0-1"]
[WhiteElo "2102"]
[BlackElo "2521"]

1.d4 d5 2.c4 c6 3.Nf3 Nf6 4.Nc3 e6 5.e3 Nbd7 6.cxd5 exd5 7.Bd3 Bd6 8.O-O O-O
9.Qc2 Re8 10.a4 a5 11.b3 Qe7 12.Ne2 Ne4 13.Ng3 Ndf6 14.Ne5 Nxg3 15.hxg3 Bxe5
16.dxe5 Qxe5 17.Bb2 Qg5 18.Bxf6 Qxf6 19.Bxh7+ Kh8 20.Bd3 g6 21.Qc5 Kg7 22.Qd4 Re7
23.Rac1 Qxd4 24.exd4 Bd7 25.Rfd1 Kf6 26.Bf1 Ke6 27.Rb1 Kd6 28.b4 Bf5 29.Bd3 Bxd3
30.Rxd3 axb4  0-1

[Event "EY Boys U16 2012"]
[Site "Prague CZE"]
[Date "2012.08.17"]
[Round "1.3"]
[White "Laurusas,T"]
[Black "Sosovicka,M"]
[Result "1-0"]
[WhiteElo "2402"]
[BlackElo "2040"]

1.d4 d5 2.c4 c6 3.Nf3 Nf6 4.Nc3 e6 5.e3 Nbd7 6.Qc2 Bd6 7.Bd3 O-O 8.O-O dxc4
9.Bxc4 a6 10.Rd1 b5 11.Bd3 Qc7 12.e4 e5 13.h3 Re8 14.Be3 exd4 15.Nxd4 Be5
16.Nf3 Bb7 17.Nxe5 Nxe5 18.Nd5 Nxd5 19.exd5 Nxd3 20.Rxd3 Rad8 21.d6 Qd7 22.Bb6 Rc8
23.Qc5 Re2 24.Kf1 Rce8 25.b3 R2e5 26.Qb4 Re4 27.Qc3 R8e6 28.Rad1 Rg6 29.Qc5 Rge6
30.Qg5 Re8 31.Bd4 f5 32.Rg3 g6 33.Qf6 R8e6 34.Qh8+  1-0

[Event "2nd Split Open 2012"]
[Site "Split CRO"]
[Date "2012.08.17"]
[Round "7.3"]
[White "Cvitan,O"]
[Black "Andersen,L NOR"]
[Result "1-0"]
[WhiteElo "2528"]
[BlackElo "2274"]

1.d4 d5 2.c4 c6 3.Nc3 Nf6 4.e3 e6 5.Nf3 Nbd7 6.Qc2 a6 7.b3 b5 8.Bd3 Bb7 9.c5 b4
10.Na4 a5 11.a3 Ba6 12.Bxa6 Rxa6 13.O-O Qb8 14.Bd2 Be7 15.axb4 axb4 16.Nb2 Rxa1
17.Rxa1 e5 18.Nxe5 Nxe5 19.dxe5 Qxe5 20.Ra8+ Bd8 21.Nd3 Qc7 22.Bxb4 O-O 23.Ba5 Qe7
24.Bxd8 Rxd8 25.Rxd8+ Qxd8 26.Qc3 h6 27.h3 Qb8 28.Qb4 Qa8 29.Qa4 Qb7 30.b4 Ne4
31.Qa5 Qd7 32.Qa1 Qb7 33.Qa5 Qd7 34.Qb6 d4 35.Qb8+ Kh7 36.Qe5 Nc3 37.exd4 f6
38.Qe3 Nb5 39.Nf4 Nxd4 40.Qd3+ Kg8 41.b5 cxb5 42.c6 Ne2+ 43.Qxe2 Qxc6 44.Qe6+ Qxe6
45.Nxe6 Kf7 46.Nd4 b4 47.Kf1 Kg6 48.Ke2 Kh5 49.g3 g6 50.Kf3 f5 51.Kf4  1-0

[Event "TATA 14th IBCA Olympiad"]
[Site "Chennai IND"]
[Date "2012.08.18"]
[Round "8.4"]
[White "Mackowiak,M"]
[Black "Kichukov,Milko"]
[Result "1-0"]
[WhiteElo "2165"]
[BlackElo "1821"]

1.Nf3 d5 2.d4 Nf6 3.c4 c6 4.Nc3 e6 5.e3 Bb4 6.Bd2 Nbd7 7.Be2 O-O 8.O-O Bxc3
9.Bxc3 Ne4 10.Bb4 Re8 11.Rc1 Ndf6 12.Ne5 a5 13.Be1 dxc4 14.Bxc4 Qb6 15.b3 Rd8
16.Qf3 a4 17.b4 Nd6 18.Bd3 a3 19.Qh3 h6 20.Qh4 Nf5 21.Qh3 Nd6 22.Qg3 Nf5
23.Qf3 Nd6 24.h3 Nd7 25.Ng4 f5 26.Nh2 Nf6 27.Qe2 Re8 28.Nf3 Nf7 29.Qc2 Qd8
30.Qb3 Nd5 31.Qb1 Ng5 32.Ne5 Qf6 33.Bd2 Nf7 34.Nxf7 Qxf7 35.f3 Qf6 36.Qa1 Qe7
37.Rb1 Bd7 38.e4 Nf6 39.Rbe1 Qd8 40.Qc3 Qb6 41.Be3 Qc7 42.Qd2 Kh7 43.Bf4 Qb6
44.Bb1 Rf8 45.Bc2 Ng8 46.Kh1 Nf6 47.Bd6 Rfe8 48.Rb1 Qd8 49.Rbe1 Bc8 50.Be5 Nd7
51.Bh2 Nf6 52.exf5 exf5 53.Rxe8 Nxe8 54.Re1 Nf6 55.Re5 g6 56.Qe1 Nd5 57.Bb3 Bd7
58.Bxd5 cxd5 59.Re7+ Kg8 60.Qe5 Qf8  1-0

[Event "12th ch-Euro Seniors"]
[Site "Kaunas LTU"]
[Date "2012.08.18"]
[Round "1.22"]
[White "Giulian,P"]
[Black "Lindblom,R"]
[Result "1-0"]
[WhiteElo "2266"]
[BlackElo "1920"]

1.d4 d5 2.c4 c6 3.e3 Nf6 4.Nc3 e6 5.Nf3 Be7 6.Bd3 dxc4 7.Bxc4 b5 8.Bd3 Bb7
9.O-O O-O 10.e4 a6 11.e5 Nd5 12.Ne4 Nd7 13.Bg5 h6 14.Bxe7 Qxe7 15.Rc1 Rfd8
16.Bb1 N7b6 17.Nc5 Rac8 18.Qc2 g6 19.Rfd1 Kg7 20.h4 h5 21.Ng5 Kg8 22.Qe4 Ba8
23.Rd3 Nd7 24.Ncxe6 N7f6 25.exf6 Nxf6 26.Qe2 fxe6 27.Re3 Rxd4 28.Rxe6 Qd8
29.Re7 Rc7 30.Qe6+ Kf8 31.Qxf6+  1-0

[Event "25th Panevezys IM"]
[Site "Panevezys LTU"]
[Date "2012.08.18"]
[Round "8.4"]
[White "Pileckis,E"]
[Black "Bernotas,A"]
[Result "1/2-1/2"]
[WhiteElo "2443"]
[BlackElo "2292"]

1.Nf3 d5 2.d4 Nf6 3.c4 e6 4.Nc3 c6 5.e3 Nbd7 6.Qc2 Bd6 7.b3 O-O 8.Bd3 b6
9.O-O Bb7 10.cxd5 cxd5 11.Qe2 a6 12.Bb2 Qe7 13.Rac1 Rfc8 14.Rc2 b5 15.Rfc1 Rc7
16.a4 b4 17.Nb1 Rxc2 18.Rxc2 Qd8 19.Rc1 a5 20.Ne5 Rc8 21.f4 Rxc1+ 22.Bxc1 Qc7
23.Bb2 Ne4 24.Nxd7 Qxd7 25.Bxe4 dxe4 26.Nd2 Bc7 27.Qc4 Bd5 28.Qc5 Qc6 29.Qxc6 Bxc6
30.Kf2 Bd5 31.g3 f6 32.Ke2 Kf7 33.Kf2 h5 34.Kg2 Kg6 35.Kf2 Kf5 36.Kg2 h4
37.Kh3 hxg3 38.hxg3 g5 39.Nc4 Bc6 40.Kg2 Be8 41.Kf2 Bh5 42.Ke1 Kg4 43.Kf2 Kh3
44.Nd2 gxf4 45.gxf4 f5 46.Ke1  1/2-1/2

[Event "4th Pilsen Open 2012"]
[Site "Plzen CZE"]
[Date "2012.08.18"]
[Round "1.14"]
[White "Zoubek,Vladimir"]
[Black "Palkova,H"]
[Result "1/2-1/2"]
[WhiteElo "1659"]
[BlackElo "1971"]

1.c4 Nf6 2.Nc3 e6 3.Nf3 d5 4.e3 c6 5.d4 Bd6 6.cxd5 exd5 7.Be2 O-O 8.Qc2 Re8
9.h3 Nbd7 10.Nd2 Nf8 11.O-O Bd7 12.Nf3 Qc8 13.Nh2 Ne4 14.h4 Qc7 15.Nf3 Re7
16.b3 Rae8 17.a4 Nf6 18.Ba3 Bxa3 19.Rxa3 Qd6 20.Ra2 Ng4 21.Bd3 Qf6 22.Qd1 Ng6
23.g3 Bf5 24.Be2 Qe6 25.Ng5 Qc8 26.h5 Nf8 27.Nf3 h6 28.Nh4 Bd7 29.Bf3 Nf6
30.Qc2 N8h7 31.Ne2 Ng5 32.Nf4 Nxf3+ 33.Nxf3 Bg4 34.Ne5 Bf5 35.Qd1 Ng4 36.Nf3 Nf6
37.Ne5 Nd7 38.Nf3 Bg4 39.Kg2 Nf6 40.Rh1 Ne4 41.Qc1 Bxf3+ 42.Kxf3 Qf5 43.Kg2 Ng5
44.Qc2 Qg4 45.Qe2 Qd7 46.Rh4 Ne4 47.Qg4 Qxg4 48.Rxg4 Ng5 49.Rh4 Ne4 50.Nd3 Ng5
51.Ne5 Ne4 52.Rc2 Nf6 53.Rc1 Nd7 54.Nd3 Re6 55.Nf4 Re4 56.Rh3 Nf6 57.Rh4 Nh7
58.Rh3 Ng5 59.Rh4 Kh7 60.Rh2  1/2-1/2

[Event "4th Pilsen Open 2012"]
[Site "Plzen CZE"]
[Date "2012.08.18"]
[Round "1.6"]
[White "Bartos,J"]
[Black "Hrdlicka,Vaclav"]
[Result "1-0"]
[WhiteElo "2211"]
[BlackElo "1740"]

1.d4 d5 2.c4 e6 3.Nf3 Nf6 4.Nc3 c6 5.e3 Nbd7 6.Bd3 dxc4 7.Bxc4 Nb6 8.Bd3 Be7
9.O-O O-O 10.e4 c5 11.e5 Nfd5 12.Ne4 cxd4 13.Nxd4 Nb4 14.Bb1 a6 15.a3 N4d5
16.Qh5 f5 17.exf6 Bxf6 18.Nxf6+ Nxf6 19.Qh4 Nbd5 20.Re1 Re8 21.Nf3 Ne7 22.Ng5 Nf5
23.Bxf5 exf5 24.Qc4+ Be6 25.Rxe6  1-0

[Event "EY Boys U16 2012"]
[Site "Prague CZE"]
[Date "2012.08.18"]
[Round "2.27"]
[White "Giroyan,G"]
[Black "Skalicky,T"]
[Result "1-0"]
[WhiteElo "2394"]
[BlackElo "2022"]

1.d4 d5 2.c4 c6 3.Nc3 Nf6 4.e3 e6 5.Nf3 Nbd7 6.Bd3 dxc4 7.Bxc4 b5 8.Bd3 Bb7
9.O-O b4 10.Ne4 Nxe4 11.Bxe4 Qc7 12.Bd2 c5 13.Bxb7 Qxb7 14.Qa4 Bd6 15.dxc5 Bxc5
16.Rfd1 Ke7 17.Rac1 Rac8 18.a3 bxa3 19.bxa3 Nb6 20.Qh4+ Ke8 21.a4 Be7 22.Qg4 Kf8
23.Bc3 Rg8 24.Ng5 Bxg5 25.Qxg5 Nd5 26.Rxd5 f6 27.Rb5  1-0

[Event "ZMDI Open A 2012"]
[Site "Dresden GER"]
[Date "2012.08.19"]
[Round "2"]
[White "Strunski,A"]
[Black "Sandipan,C"]
[Result "1/2-1/2"]
[WhiteElo "2366"]
[BlackElo "2611"]

1.d4 d5 2.c4 c6 3.Nc3 Nf6 4.Nf3 e6 5.e3 Nbd7 6.Bd3 dxc4 7.Bxc4 b5 8.Bd3 Bd6
9.O-O O-O 10.e4 e5 11.Ne2 c5 12.dxe5 Nxe5 13.Nxe5 Bxe5 14.Bxb5 Rb8 15.Bd3 c4
16.Bc2 Qc7 17.h3 Bxb2 18.Bxb2 Rxb2 19.Qc1 c3 20.Re1 Rd8 21.Rb1 Rxa2 22.Rb3 Ra5  1/2-1/2

[Event "12th ch-Euro Seniors"]
[Site "Kaunas LTU"]
[Date "2012.08.19"]
[Round "2.41"]
[White "Jorgensen,A"]
[Black "Petrovs,A"]
[Result "1/2-1/2"]
[WhiteElo "1983"]
[BlackElo "1766"]

1.d4 d5 2.c4 e6 3.Nc3 Nf6 4.Nf3 c6 5.e3 Nbd7 6.Bd3 dxc4 7.Bxc4 b5 8.Be2 Bb7
9.O-O a6 10.b3 c5 11.Bb2 Be7 12.dxc5 Nxc5 13.Nd4 O-O 14.Bf3 Qb6 15.b4 Ncd7
16.a3 Ne5 17.Qe2 Rac8 18.Rac1 Nc4 19.Rfd1 Rfd8 20.h3 h6 21.Bxb7 Qxb7 22.Nb1 Nxb2
23.Qxb2 Nd5 24.Rxc8 Rxc8  1/2-1/2

[Event "25th Panevezys Open"]
[Site "Panevezys LTU"]
[Date "2012.08.19"]
[Round "9.9"]
[White "Milasevicius,J"]
[Black "Petrovskis,Olegs"]
[Result "1-0"]
[WhiteElo "1934"]
[BlackElo "1906"]

1.Nf3 Nf6 2.c4 e6 3.d4 d5 4.Nc3 c6 5.e3 Nbd7 6.Bd3 Bd6 7.O-O O-O 8.e4 dxc4
9.Bxc4 e5 10.Bg5 Qc7 11.h3 h6 12.Be3 exd4 13.Bxd4 Ne5 14.Bb3 Re8 15.Rc1 Qe7
16.Re1 Bc7 17.Qe2 Nh7 18.Rcd1 Nxf3+ 19.Qxf3 Ng5 20.Qe3 b6 21.Qd2 Rd8 22.f4 b5
23.Qf2 Ne6 24.Be3 a5 25.e5 a4 26.Bc2 Bb7 27.Ne4 Ba5 28.Rf1 Nc7 29.Bc5 Qe6
30.b4 axb3 31.Bxb3 Nd5 32.Bd4 Qf5 33.Nd6 Qd7 34.Nxb7 Qxb7 35.f5 Nc3 36.Bxc3 Bxc3
37.e6 fxe6 38.fxe6 Kh8 39.Qf5 Bf6 40.Bc2 Kg8 41.Qh7+ Kf8 42.Rxf6+  1-0

[Event "EY Girls U16 2012"]
[Site "Prague CZE"]
[Date "2012.08.19"]
[Round "3.35"]
[White "Sen,Beril Berfin"]
[Black "Gueci,Laura"]
[Result "1-0"]
[WhiteElo "1586"]
[BlackElo "1819"]

1.d4 d5 2.c4 c6 3.Nf3 Nf6 4.Nc3 e6 5.e3 Nbd7 6.b3 Bd6 7.Bd3 O-O 8.O-O Qc7
9.Bb2 dxc4 10.bxc4 e5 11.Qc2 Re8 12.Rac1 exd4 13.exd4 Nf8 14.h3 Ng6 15.Rfe1 Bd7
16.Ne4 Nxe4 17.Bxe4 Bf4 18.Rcd1 Qa5 19.Bc1 Bxc1 20.Rxc1 Qh5 21.Bxg6 hxg6
22.Ne5 Bf5 23.Qb3 Re7 24.g4 Qh4 25.gxf5 gxf5 26.Qg3 Qxd4 27.Qd3 Qc5 28.Qe3 Qd6
29.Rcd1 Qc7 30.Qg3 f4 31.Qc3 Rae8 32.Nf3 Re6 33.Rxe6 Rxe6 34.Re1 Rg6+ 35.Kh2 Qb6
36.Re8+ Kh7 37.Qd4 Qb1 38.Qxf4 f6 39.Qh4+ Rh6 40.Qe4+ Qxe4 41.Rxe4 b5 42.cxb5 cxb5
43.Rh4 Rxh4 44.Nxh4 a5 45.Nf5 b4 46.Nd4 a4 47.Kg3 Kg6 48.Kf4 f5 49.h4 Kh5
50.Kxf5 Kxh4 51.Kf4 g5+ 52.Kf5 g4 53.Kf4 Kh3 54.Ke3 Kg2 55.Ke2 g3 56.fxg3 Kxg3
57.Kd3 b3 58.Nxb3  1-0

[Event "EY Boys U18 2012"]
[Site "Prague CZE"]
[Date "2012.08.19"]
[Round "3.15"]
[White "Meskovs,N"]
[Black "Lewicki,Mir"]
[Result "1-0"]
[WhiteElo "2347"]
[BlackElo "2200"]

1.Nf3 Nf6 2.c4 e6 3.Nc3 d5 4.d4 c6 5.e3 Bd6 6.Bd3 Nbd7 7.O-O O-O 8.b3 e5
9.cxd5 cxd5 10.Nb5 Bb8 11.dxe5 Nxe5 12.Be2 Nxf3+ 13.Bxf3 Be5 14.Nd4 Ne4 15.Bb2 Qf6
16.Qd3 Qg6 17.Rad1 Bd7 18.g3 Rac8 19.Bg2 f5 20.Rc1 Rxc1 21.Rxc1 Qf7 22.f3 Nd6
23.f4 Bxd4 24.Qxd4 Bc6 25.Qxa7 Ne4 26.b4 Qd7 27.Be5 Rc8 28.Qd4 b5 29.Bf1 Qb7
30.a4 bxa4 31.b5 Bd7 32.Rxc8+ Bxc8 33.Qxa4 Bd7 34.Qa5 Qc8 35.Bc7 Qf8 36.Be5 Qc8
37.Qa2 Qb7 38.Qb2 Be8 39.b6 Bc6 40.Bc7 Qa8 41.Qe5 h6 42.Qe6+ Kh8 43.Be5  1-0

[Event "EY Boys U16 2012"]
[Site "Prague CZE"]
[Date "2012.08.19"]
[Round "3.5"]
[White "Ivekovic,Bo2"]
[Black "Sanzhaev,D"]
[Result "1/2-1/2"]
[WhiteElo "2200"]
[BlackElo "2335"]

1.d4 Nf6 2.c4 e6 3.Nf3 d5 4.Nc3 c6 5.e3 Nbd7 6.Bd3 dxc4 7.Bxc4 b5 8.Bd3 a6
9.e4 c5 10.Be3 Bb7 11.e5 Ng4 12.Be4 Nxe3 13.fxe3 Bxe4 14.Nxe4 cxd4 15.exd4 Bb4+
16.Kf2 Nb6 17.Qd3 Be7 18.Rhc1 Rc8 19.Rc2 O-O 20.Rac1 Rxc2+ 21.Qxc2 Nd5 22.a3 a5
23.Nc3 Nxc3 24.Qxc3 b4 25.axb4 Bxb4 26.Qc4 h6 27.Rc2 Qa8 28.Qc6 Qb8 29.Qc4 Be7
30.Qc7 Qb4 31.Kg3 Bd8 32.Qc5 Qb8 33.Qc4 Bb6 34.Kf4 Qa7 35.Ke4 Rd8 36.Rc3 Rd5
37.Rc2 Qe7 38.Rd2 f6 39.exf6 Qxf6 40.Qc6 Qf5+ 41.Ke3 Bd8 42.Qc8 Kh7 43.Qc2 Kg6
44.Ne5+ Rxe5+ 45.dxe5 Bg5+ 46.Kd4 Bxd2 47.Qxd2  1/2-1/2

[Event "Husek Vienna Open A"]
[Site "Vienna AUT"]
[Date "2012.08.19"]
[Round "7"]
[White "Atalik,S"]
[Black "Kreisl,R"]
[Result "1-0"]
[WhiteElo "2606"]
[BlackElo "2404"]

1.d4 d5 2.c4 c6 3.Nc3 Nf6 4.e3 e6 5.Nf3 Nbd7 6.Bd3 dxc4 7.Bxc4 b5 8.Bd3 Bb7
9.O-O a6 10.e4 c5 11.d5 c4 12.Bc2 Qc7 13.dxe6 fxe6 14.Ne2 Bd6 15.Ned4 Nf8
16.a4 b4 17.Qe2 e5 18.Nf5 b3 19.Bb1 Bb4 20.Bd2 Bxd2 21.Nxd2 Ne6 22.Qxc4 Qxc4
23.Nxc4 O-O 24.Nfd6 Bc6 25.Nxe5 Rad8 26.Nxc6 Rxd6 27.Ne7+ Kf7 28.e5  1-0

[Event "12th ch-Euro Seniors"]
[Site "Kaunas LTU"]
[Date "2012.08.20"]
[Round "3.24"]
[White "Grabow,P"]
[Black "Petraitis,G"]
[Result "1/2-1/2"]
[WhiteElo "2173"]
[BlackElo "1948"]

1.d4 Nf6 2.Nf3 e6 3.c4 d5 4.Nc3 c6 5.e3 Nbd7 6.b3 Bb4 7.Bd2 O-O 8.Bd3 b6
9.Qc2 Qe7 10.O-O Bb7 11.Ne5 Rfd8 12.f4 Rac8 13.a3 Bxc3 14.Bxc3 dxc4 15.Bxc4 c5
16.Nxd7 Rxd7 17.Qe2 Ne4 18.Bb2 cxd4 19.Bxd4 Nd6 20.Bd3 Nf5 21.Bb2 Rcd8 22.Rfd1 Qc5
23.Bxf5 exf5 24.Rxd7 Rxd7 25.b4 Qd5 26.Bd4 Qe4 27.Ra2 Rc7 28.h3 h5 29.Kh2 Rc6
30.Qf3 Qb1 31.Rb2 Qe1 32.Qe2 Rc1 33.Qxe1 Rxe1 34.h4  1/2-1/2

[Event "EY Girls U18 2012"]
[Site "Prague CZE"]
[Date "2012.08.20"]
[Round "4.22"]
[White "Corotcova,A"]
[Black "Mabille,N"]
[Result "1/2-1/2"]
[WhiteElo "1655"]
[BlackElo "1853"]

1.d4 d5 2.c4 c6 3.Nf3 Nf6 4.e3 e6 5.Nc3 Nbd7 6.Bd3 dxc4 7.Bxc4 b5 8.Bd3 a6
9.O-O c5 10.Qe2 Bb7 11.a3 Rc8 12.dxc5 Bxc5 13.e4 O-O 14.Bf4 Nh5 15.Bg3 Nxg3
16.hxg3 Qc7 17.Kh2 Ne5 18.Rac1 Nxd3 19.Qxd3 Rfd8 20.Qe2 Qe7 21.Rh1 Qf6 22.Rc2 Bb6
23.Kg1 Rd7 24.g4 h6 25.Rh5 Qf4 26.g5 hxg5 27.Rxg5 Rcd8 28.g3 Qf6 29.Rh5 Bd4
30.Nxd4 Rxd4 31.Rh4 e5 32.Qh5 Kf8 33.Qe2 Kg8 34.Qh5 Kf8 35.Qe2 Kg8 36.Qh5 Kf8
37.Qe2 Kg8 38.Qh5  1/2-1/2

[Event "EY Girls U18 2012"]
[Site "Prague CZE"]
[Date "2012.08.20"]
[Round "4.14"]
[White "Foisor,M"]
[Black "Balzano,F"]
[Result "1-0"]
[WhiteElo "2220"]
[BlackElo "1916"]

1.d4 d5 2.c4 c6 3.e3 Nf6 4.Nc3 e6 5.Nf3 Nbd7 6.Qc2 b6 7.Be2 Bb7 8.O-O Bd6
9.Rd1 Qc7 10.e4 dxe4 11.Nxe4 Nxe4 12.Qxe4 Nf6 13.Qh4 c5 14.b3 O-O 15.Bb2 Be7
16.Qg3 Qxg3 17.hxg3 Rfd8 18.a3 a5 19.Ne1 cxd4 20.Bxd4 Bc5 21.Bxc5 bxc5 22.Nd3 Nd7
23.f3 Kf8 24.Kf2 Ke7 25.g4 h6 26.Rab1 Ba6 27.Rb2 Rac8 28.Rbd2 Rb8 29.a4 Rbc8
30.Nc1 Ne5 31.Nd3 Nd7 32.f4 Nf6 33.Bf3 Rd4 34.Ke3 Rcd8 35.Ne5 Rxd2 36.Rxd2 g5
37.g3 gxf4+ 38.gxf4 Rg8 39.Nc6+ Kf8 40.Rd8+ Kg7 41.Rxg8+ Nxg8 42.Nxa5 Nf6
43.Bb7 Bxb7 44.Nxb7 Nd7 45.a5 Kf8 46.a6 Ke7 47.Nxc5 Nb6 48.Na4 Na8 49.c5 Kd8
50.Nb6  1-0

[Event "11th Lichtenberger Sommer 2012"]
[Site "Berlin GER"]
[Date "2012.08.21"]
[Round "4.61"]
[White "Schlittermann,W"]
[Black "Hansen,ReR"]
[Result "1-0"]
[WhiteElo "1755"]
[BlackElo "2047"]

1.d4 d5 2.Nf3 Nf6 3.e3 e6 4.c4 c6 5.Nc3 Be7 6.cxd5 exd5 7.Qc2 O-O 8.Bd3 Nbd7
9.O-O Bd6 10.h3 Re8 11.Re1 Nf8 12.e4 dxe4 13.Nxe4 Nxe4 14.Rxe4 Rxe4 15.Bxe4 Bd7
16.Ng5 h6 17.Bh7+ Nxh7 18.Qxh7+ Kf8 19.Ne4 Bc7 20.Qh8+ Ke7 21.Qxg7 Qh8 22.Qxh6 Qxh6
23.Bxh6 f6 24.Nc5 Bc8 25.Re1+ Kf7 26.Bd2 b6 27.Ne4 Be6 28.b3 Rd8 29.Bc3 Rg8
30.Nxf6 Rg6 31.Ng4 Bxg4 32.hxg4 Rxg4 33.Rd1 Ke6 34.Re1+ Kf7 35.Re3 Bf4 36.Rh3 Kg8
37.Kf1 Rg6 38.Rf3 Bd6 39.Rf5 Be7 40.Re5 Kf7 41.Rh5 Ke6 42.Bd2 Bf6 43.Be3 Rg7
44.Rh6 Kf5 45.f3 Ke6 46.g4 Kf7 47.Ke2 Rg8 48.Rh7+ Kg6 49.Rxa7 Re8 50.Kd3 Rd8
51.f4  1-0

[Event "12th World Uni Women"]
[Site "Guimaraes POR"]
[Date "2012.08.21"]
[Round "4.3"]
[White "Przezdziecka,M"]
[Black "Hoolt,S"]
[Result "0-1"]
[WhiteElo "2276"]
[BlackElo "2281"]

1.d4 Nf6 2.Nf3 e6 3.c4 d5 4.Nc3 c6 5.e3 Nbd7 6.Qc2 Bd6 7.b3 O-O 8.Bb2 b6
9.Be2 Bb7 10.O-O Rc8 11.e4 dxe4 12.Nxe4 Nxe4 13.Qxe4 Qe7 14.Rad1 Rcd8 15.Bd3 f5
16.Qe2 c5 17.Bc2 Bxf3 18.Qxf3 cxd4 19.Rxd4 Ne5 20.Qe2 Nc6 21.Rdd1 e5 22.a3 e4
23.b4 Qh4 24.g3 Qh6 25.f4 exf3 26.Qxf3 f4 27.g4 Kh8 28.Rfe1 Rfe8 29.c5 Rxe1+
30.Rxe1 Bf8 31.cxb6 axb6 32.Re2 Ne7 33.Bb3 Ng6 34.Rf2 Qg5 35.h3 Bd6 36.Re2 Ne5
37.Bxe5 Bxe5 38.Kg2 Bd4 39.Qc6 Be3 40.Rc2 Qh4 41.Qf3 Qe1 42.h4 Qxh4 43.Re2 Qg5
44.Bc2 g6 45.Kh3 Rc8 46.Qe4 Rf8 47.Qf3 Qe5 48.Kg2 Qd4 49.Kh3 Qc3 50.a4 Qxb4
51.Qe4 Qc3 52.Qd3 Qa1 53.Qd1 Qg7 54.Be4 Qf6 55.Bf3 Rd8 56.Qc2 Qe5 57.Qb2 Qxb2
58.Rxb2 Rd3 59.Kg2 Rc3 60.Ra2 Kg7 61.Be2 Bc5 62.Bf3 Kf6 63.a5 bxa5 64.Rxa5 Kg5
65.Ra2 Kh4 66.Re2 Be3 67.Ra2 Rc1 68.Rb2 Rg1+ 69.Kh2 Rg3 70.Bd1 f3  0-1

[Event "EY Boys U16 2012"]
[Site "Prague CZE"]
[Date "2012.08.21"]
[Round "5.43"]
[White "Vaculik,Jakub1"]
[Black "Munteanu,A"]
[Result "1/2-1/2"]
[WhiteElo "1850"]
[BlackElo "1982"]

1.d4 d5 2.Nf3 Nf6 3.c4 c6 4.Nc3 e6 5.e3 Nbd7 6.Bd3 dxc4 7.Bxc4 b5 8.Bd3 a6
9.a4 Bb7 10.axb5 axb5 11.Rxa8 Qxa8 12.O-O Be7 13.Bd2 O-O 14.Qc2 b4 15.Ne4 c5
16.Nxf6+ Nxf6 17.dxc5 Bxf3 18.gxf3 Qxf3 19.Qc4 Bxc5 20.Qxc5 Qg4+ 21.Kh1 Qf3+
22.Kg1 Qg4+ 23.Kh1 Qf3+ 24.Kg1  1/2-1/2

[Event "ZMDI Open A 2012"]
[Site "Dresden GER"]
[Date "2012.08.22"]
[Round "5"]
[White "Olszewski,Mi"]
[Black "Sandipan,C"]
[Result "1/2-1/2"]
[WhiteElo "2521"]
[BlackElo "2611"]

1.c4 c6 2.Nf3 d5 3.d4 Nf6 4.Nc3 e6 5.e3 Nbd7 6.Qc2 Bd6 7.b3 O-O 8.Bb2 a6
9.Be2 e5 10.cxd5 cxd5 11.dxe5 Nxe5 12.Rd1 Be6 13.O-O Rc8 14.Qb1 Qa5 15.Qa1 Nxf3+
16.Bxf3 Be5 17.Ne2 Bxb2 18.Qxb2 Bf5 19.b4 Qa4 20.Nd4 Be4  1/2-1/2

[Event "EY Boys U16 2012"]
[Site "Prague CZE"]
[Date "2012.08.22"]
[Round "6.18"]
[White "Stathopoulos,I"]
[Black "Navratil,Ji3"]
[Result "1-0"]
[WhiteElo "2216"]
[BlackElo "2066"]

1.d4 d5 2.c4 c6 3.Nf3 Nf6 4.Nc3 e6 5.e3 Nbd7 6.Bd3 dxc4 7.Bxc4 b5 8.Bd3 Bb7
9.O-O a6 10.e4 c5 11.d5 c4 12.Bc2 Qc7 13.dxe6 fxe6 14.Ne2 e5 15.Ng3 Nc5 16.Bd2 g6
17.b3 Bg7 18.bxc4 bxc4 19.Qe2 Ne6 20.Rac1 Nf4 21.Ba4+ Kf8 22.Bb4+ Kg8 23.Qxc4+ Qxc4
24.Rxc4 h6 25.Bc3 Rc8 26.Rxc8+ Bxc8 27.Bxe5 Nd3 28.Bd6 Kh7 29.Bc2 Ne8 30.Bxd3 Nxd6
31.h4 Rd8 32.h5 Nf7 33.hxg6+ Kxg6 34.Bc2 Ne5 35.Nh4+ Kf7 36.Nhf5 Bf8 37.Bb3+ Be6
38.Rc1 Bxb3 39.axb3 Rd3 40.Nh5 Rxb3 41.Rc7+ Kg6 42.Nf4+ Kf6 43.Nd5+ Kg6 44.Nde3 a5
45.f4 Nd3 46.Rc6+ Kh7 47.Nd5 a4 48.Nf6+ Kg6 49.Nd7+ Kf7 50.Rf6+ Ke8 51.Nxf8 a3
52.Kh2 a2 53.Ra6 Kxf8 54.Rxa2 Nxf4 55.Ra6 Rb2 56.Rf6+ Ke8 57.Ng7+ Ke7 58.Rxf4 Kd6
59.Rf6+ Ke5 60.Re6+ Kf4 61.Nh5+ Kg5 62.Ng3 Ra2 63.Re8 Kg4 64.Rg8+ Kf4 65.Rf8+ Kg4
66.e5 Ra3 67.Rf3 Ra5 68.Re3 h5 69.e6 h4 70.e7  1-0

[Event "EY Girls U18 2012"]
[Site "Prague CZE"]
[Date "2012.08.22"]
[Round "6.13"]
[White "Foisor,M"]
[Black "Ljikar,Tamara"]
[Result "1-0"]
[WhiteElo "2220"]
[BlackElo "1821"]

1.d4 d5 2.c4 c6 3.e3 Nf6 4.Nc3 e6 5.Nf3 Nbd7 6.Qc2 Bd6 7.Be2 O-O 8.O-O dxc4
9.Bxc4 b5 10.Be2 Bb7 11.Rd1 Qe7 12.e4 e5 13.dxe5 Nxe5 14.Nd4 Bc7 15.f4 Ng6
16.e5 Nd7 17.Nf5 Bb6+ 18.Kh1 Qe8 19.Nd6 Qb8 20.Bf3 a6 21.Nce4 Ne7 22.Ng5 f5
23.Qb3+ Nd5 24.Nxb7 Qxb7 25.Rxd5  1-0

[Event "EY Boys U18 2012"]
[Site "Prague CZE"]
[Date "2012.08.23"]
[Round "7.24"]
[White "Nadirashvili,S"]
[Black "Sofranov,V"]
[Result "1-0"]
[WhiteElo "2151"]
[BlackElo "2218"]

1.d4 d5 2.c4 c6 3.Nc3 Nf6 4.e3 e6 5.Nf3 Nbd7 6.Bd3 dxc4 7.Bxc4 b5 8.Bd3 Bd6
9.Ne4 Nxe4 10.Bxe4 Bb7 11.O-O h6 12.b3 O-O 13.Bb2 a6 14.Rc1 Rc8 15.Ne5 Nxe5
16.dxe5 Be7 17.Qf3 Qa5 18.Bb1 Ba8 19.Qe4 g6 20.Qg4 Kg7 21.f4 Qd2 22.f5 Qxb2
23.f6+ Bxf6 24.exf6+ Kh7 25.Rcd1 Rc7 26.Qg3 e5 27.Rf2 Qc3 28.h4 h5 29.Qg5 c5
30.Qxh5+ Kg8 31.Qh6  1-0

[Event "ZMDI Open A 2012"]
[Site "Dresden GER"]
[Date "2012.08.24"]
[Round "7"]
[White "Neef,M"]
[Black "Strunski,A"]
[Result "1/2-1/2"]
[WhiteElo "2100"]
[BlackElo "2366"]

1.c4 Nf6 2.Nc3 c6 3.d4 d5 4.e3 e6 5.Nf3 Nbd7 6.Qc2 Bd6 7.e4 dxe4 8.Nxe4 Nxe4
9.Qxe4 Qa5+ 10.Bd2 Bb4 11.Bd3 Bxd2+ 12.Nxd2 c5 13.a3 cxd4 14.Qxd4 Qe5+ 15.Qxe5 Nxe5
16.Be2 Bd7 17.f4 Ng6 18.O-O O-O-O 19.Rad1 Bc6 20.g3 Ne7 21.Kf2 h6 22.Nb3 Nf5
23.Bf3 Kc7 24.Nc5 Bxf3  1/2-1/2